Por qué alfabetismo: ler a vida, escrever a história
保存先:
| 第一著者: | |
|---|---|
| フォーマット: | 図書 |
| 言語: | ポルトガル語 |
| 出版事項: |
Recife
Secretaria de Educacao, cultura e esportes
1990
|
| 主題: | |
| タグ: |
タグ追加
タグなし, このレコードへの初めてのタグを付けませんか!
|
MARC
| LEADER | 00000nam a2200000 a 4500 | ||
|---|---|---|---|
| 001 | UCS4629 | ||
| 003 | CL-VaPUC | ||
| 008 | 970808e19900000BL |||||||||||||||||por|d | ||
| 082 | 0 | 4 | |a 374.012 |b OSO |2 21 |
| 100 | |a Osorio, Jorge |e autor |9 390544 | ||
| 245 | 1 | 0 | |a Por qué alfabetismo: ler a vida, escrever a história |
| 300 | |a 182 p | ||
| 942 | |c BK | ||
| 945 | |d 19970808 00:00:00 |a jquezada | ||
| 260 | |a Recife |b Secretaria de Educacao, cultura e esportes |c 1990 | ||
| 650 | 0 | |a Analfabetismo |9 324360 | |
| 650 | 0 | |a Alfabetización |9 310435 | |
| 650 | 7 | |a CAMPAÑAS DE ALFABETIZACION |2 CL-VaPUC |9 356423 | |
| 650 | 0 | |a Programas de alfabetización |9 335611 | |
| 650 | 0 | |a Alfabetización de adultos |9 310117 | |
| 583 | |a last modification |c 19970808 00:00:00 |k Rodrigo Vera | ||
| 999 | |c 261589 |d 261587 | ||
| 952 | |0 0 |1 0 |4 0 |6 374_012000000000000_OSO_1990 |7 0 |8 A |9 289183 |a BIBEDU |b BIBEDU |d 2019-11-19 |i 3331032 |o 374.012 OSO 1990 |p 3331032 |r 2019-11-19 |w 2019-11-19 |y BK |k EDU | ||